000 00726nam a2200265Ia 4500
005 20260302115945.0
008 008 260114s9999 xx 000 0 eng d
020 _a9781509921928
037 _aTextbook
040 _aCRL
040 _beng
040 _cCRL
041 _2eng
041 _aeng
084 _qCRL
100 _aEithne Dowds
_91123184
245 0 _aFeminist Engagement with International Criminal Law Norm Transfer, Complementarity, Rape and Consent
260 _bBloomsbury
260 _bHart Publishing
260 _c2020
650 _aLaw
856 _uhttps://dx.doi.org/10.5040/9781509921928?locatt=label:secondary_bloomsburyCollections
942 _cEBOOK
999 _c1688056
_d1688056